Friend or Enemy? - Statistics

General Stats
  • This quiz has been taken 25 times
  • The average score is 19 of 30
Answer Stats
Hint Answer % Correct
Your enemy's friend Enemy
91%
Your friend's enemy Enemy
91%
Your friend's friend Friend
91%
Your friend's friend's friend Friend
91%
Your friend's friend's enemy Enemy
86%
Your enemy's friend's friend Enemy
82%
Your enemy's enemy's enemy Enemy
82%
Your friend's enemy's friend's enemy Friend
73%
Your enemy's friend's friend's friend Enemy
68%
Your friend's enemy's enemy's friend Friend
68%
Your enemy's enemy's friend's friend Friend
68%
Your friend's enemy's friend's enemy's friend Friend
68%
Your friend's friend's friend's enemy Enemy
64%
Your friend's friend's friend's friend's enemy Enemy
64%
Your friend's friend's enemy's friend's friend's enemy Friend
64%
Your friend's enemy's enemy's enemy Enemy
59%
Your enemy's enemy's friend's friend's enemy Enemy
59%
Your enemy's friend's friend's enemy's enemy Enemy
59%
Your friend's enemy's enemy Friend
59%
Your friend's friend's enemy's enemy's enemy's enemy's friend Friend
59%
Your friend's enemy's enemy's friend's enemy's enemy's friend's friend Friend
59%
Your enemy's enemy's enemy's enemy's enemy's enemy Friend
55%
Your friend's enemy's friend's friend's friend's enemy's enemy's friend's enemy's friend's enemy's enemy's friend Friend
55%
Your enemy's friend's enemy's friend's friend's enemy Enemy
50%
Your enemy's enemy's enemy's friend's enemy's friend's friend's enemy's friend Enemy
50%
Your friend's enemy's enemy's friend's friend's friend's enemy's enemy's friend's enemy Enemy
50%
Your enemy's enemy's enemy's enemy's friend's friend's friend's enemy's enemy's friend's enemy's enemy's friend's friend's friend's enemy's enemy Friend
50%
Your enemy's friend's friend's enemy Friend
45%
Your friend's friend's friend's enemy's friend's friend's enemy's enemy's enemy's friend's enemy's enemy's friend's enemy's friend's friend's friend's enemy's enemy's friend's friend's enemy's enemy's friend's friend's enemy's friend's enemy's enemy's friend's enemy's enemy's friend's friend's enemy's friend's friend's enemy's friend Friend
45%
Your enemy's friend's friend's enemy's enemy's enemy's friend's friend's enemy's friend's friend's enemy's friend's enemy's enemy's enemy's friend's friend's friend's enemy's friend's enemy's friend's enemy's enemy's friend Enemy
36%
No matching quizzes found
Score Distribution
Percent of People with Each Score
Percentile by Number Answered
Your Score History
You have not taken this quiz